书目信息 |
| 书名: | The management of sport | |
| 作者: | Bonnie L. Parkhouse, editor. | |
| 分册号: | ||
| 分册名: | 出版地: | New York, NY : |
|
| 出版社: | McGraw-Hill | |
| 出版时间: | c2005. | |
| 页数: | xxiv, 377, 11 p. : | |
| 开本: | 24 cm. | |
| 丛书名: | ||
| 中图分类号: | ||
| 科图分类号: | ||
| 其他分类号: | G80-05 | |
| 主题词: | ||
| 电子资源: | ||
| 000 | 01383cam a2200301 a 450 | |
| 001 | E0738730676 | |
| 005 | 20070321105102.92 | |
| 008 | 040514s2005 nyua b 001 0 eng | |
| 010 | @a2004052434 | |
| 020 | @a0072844124 (acid-free paper). | |
| 040 | @aDLC@cDLC@dDLC | |
| 043 | @an-us--- | |
| 050 | 00 | @aGV713@b.M35 2005 |
| 082 | 00 | @a796/.06/9@2 22 |
| 090 | @aG80-05 | |
| 099 | @dG80-05@ex11=4 | |
| 245 | 04 | @aThe management of sport :@bits foundation and application / @cBonnie L. Parkhouse, editor. |
| 250 | @a4th ed. | |
| 260 | @aNew York, NY :@bMcGraw-Hill,@cc2005. | |
| 300 | @axxiv, 377, 11 p. :@bill. ;@c24 cm. | |
| 500 | @a"With the endorsement of the National Association for Sport and Physical Education (NASPE), an association of the American Alliance for Health, Physical Education, Recreation, and Dance (AAHPERD)." | |
| 504 | @aIncludes bibliographical references and index. | |
| 650 | 0 | @aSports administration@xStudy and teaching@zUnited States. |
| 700 | 1 | @aParkhouse, Bonnie L. |
| 710 | 2 | @aNational Association for Sport and Physical Education. |
| 906 | @a7@bcbc@corignew@d1@eocip@f20@gy-gencatlg | |
| 925 | 0 | @aacquire@b1 shelf copy@xpolicy default |
| 955 | @apc20 2004-05-14 to SSCD;@csj11 2004-05-18;@dsj13 2004-05-19@esj05 2004-05-20 to Dewey@aaa05 2004-05-20@aps14 2004-08-25 1 copy rec’d., to CIP ver.@fpv15 2004-10-05 CIP ver. to BCCD | |
| The management of sport : : its foundation and application / / Bonnie L. Parkhouse, editor.-4th ed.-New York, NY : : McGraw-Hill, , c2005. |
| xxiv, 377, 11 p. : : ill. ; ; 24 cm. |
| "With the endorsement of the National Association for Sport and Physical Education (NASPE), an association of the American Alliance for Health, Physical Education, Recreation, and Dance (AAHPERD)." .-Includes bibliographical references and index. |
| ISBN 0072844124 (acid-free paper). |
| ● |
| 相关链接 |
|
|
|
|
正题名:management of sport
索取号:G80-05/x11=4
 
预约/预借
| 序号 | 登录号 | 条形码 | 馆藏地/架位号 | 状态 | 备注 |
| 1 | 0003409 | 300034095 | 第四借阅区/ [索取号:G80-05/x11=4] | 在馆 | |
| 2 | 0003424 | 300034246 | 第二样本阅览室/ [索取号:G80-05/x11=4] | 在馆 |